000 00509nam a2200205 a 4500
001 BS0001692
003 BR-BrBNA
005 20230905141130.0
008 230308b |||||||| |||| 00| 0 por d
040 _aBR-BrBNA
_bpor
_cBiblioteca Nacional de Agricultura
041 _apor
072 _aS85
090 _aS85 BS0001692
100 1 _aStraub, Peter.
245 1 _aThe throat /
260 3 _aUnited States:
_bDutton Book,
_c1993.
300 _a689 p.
650 _aLITERATURA AMERICANA
942 _cBK
_2AGRIS
999 _c6752
_d6752